00000000nam 2200000zi 4500
0019.905570
003CaOODSP
00520241106095639
006m     o  d f      
007cr mn|||||||||
008211202t20212021quca    ob   f000 0 eng d
020 |a9780660411705
040 |aCaOODSP|beng|erda|cCaOODSP
043 |an-cn---
0861 |aEn4-446/2021E-PDF
1101 |aCanada. |bEnvironment and Climate Change Canada, |eauthor, |eissuing body.
24510|aEnvironment and Climate Change Canada open science action plan : |b2021-2026.
264 1|aGatineau QC : |bEnvironment and Climate Change Canada = Environnement et changement climatique Canada, |c[2021]
264 4|c©2021
300 |a1 online resource (11 pages) : |billustrations (some colour)
336 |atext|btxt|2rdacontent
337 |acomputer|bc|2rdamedia
338 |aonline resource|bcr|2rdacarrier
500 |aIssued also in French under title: Plan d'action pour la science ouverte d'Environnement et changement climatique Canada : 2021-2026.
500 |a"EC21211."
500 |aThe PDF copy has been replaced (2021-12-23) with an amended version as requested by the publisher.
504 |aIncludes bibliographical references.
61010|aCanada. |bEnvironment and Climate Change Canada|xPlanning.
650 0|aScience and state|zCanada.
650 0|aTransparency (Ethics) in government|zCanada.
77508|tPlan d'action pour la science ouverte d'Environnement et changement climatique Canada : |w(CaOODSP)9.905571
85640|qPDF|s2.64 MB|uhttps://publications.gc.ca/collections/collection_2021/eccc/En4-446-2021-eng.pdf